بلوغ المرام (Record no. 610963)

000 -LEADER
fixed length control field 00414nam a22001457a 4500
040 ## - CATALOGING SOURCE
Transcribing agency Nust
082 ## - DEWEY DECIMAL CLASSIFICATION NUMBER
Classification number 297.7
Author Mark SHI
100 ## - MAIN ENTRY--PERSONAL NAME
Personal name Abul Fazal Shahab-ud-din Ahmed
9 (RLIN) 125180
110 ## - MAIN ENTRY--CORPORATE NAME
Corporate name or jurisdiction name as entry element Maulana Safi-ur-Rehman Mubarakpuri
9 (RLIN) 125181
245 ## - TITLE STATEMENT
Title بلوغ المرام
250 ## - EDITION STATEMENT
Edition statement Volume 1 & 2
260 ## - PUBLICATION, DISTRIBUTION, ETC.
Place of publication, distribution, etc. Lahore:
Name of publisher, distributor, etc. Dar-ul-Salam Publishers,
Date of publication, distribution, etc. 1997.
650 ## - SUBJECT ADDED ENTRY--TOPICAL TERM
Topical term or geographic name entry element بلوغ المرام
9 (RLIN) 125182
942 ## - ADDED ENTRY ELEMENTS (KOHA)
Source of classification or shelving scheme
Koha item type Book
Holdings
Withdrawn status Lost status Source of classification or shelving scheme Damaged status Not for loan Permanent Location Current Location Shelving location Date acquired Total Checkouts Full call number Barcode Date last seen Price effective from Koha item type
          College of Electrical & Mechanical Engineering (CEME) College of Electrical & Mechanical Engineering (CEME) General Stacks 08/16/2024   297.7 SHI CEME- 38368 08/16/2024 08/16/2024 Book
          College of Electrical & Mechanical Engineering (CEME) College of Electrical & Mechanical Engineering (CEME) General Stacks 08/16/2024   297.7 SHI CEME- 38369 08/16/2024 08/16/2024 Book
© 2023 Central Library, National University of Sciences and Technology. All Rights Reserved.